GUIDELINES LAND EVALUATION FOR RAINFED AGRICULTURE (Record no. 14348)

MARC details
000 -LEADER
fixed length control field 00423nam a22001697a 4500
003 - CONTROL NUMBER IDENTIFIER
control field OSt
005 - DATE AND TIME OF LATEST TRANSACTION
control field 20211022104441.0
008 - FIXED-LENGTH DATA ELEMENTS--GENERAL INFORMATION
fixed length control field 211022b |||||||| |||| 00| 0 eng d
020 ## - INTERNATIONAL STANDARD BOOK NUMBER
International Standard Book Number 9251014558
040 ## - CATALOGING SOURCE
Transcribing agency HAAWASSA UNIVERSITY
050 ## - LIBRARY OF CONGRESS CALL NUMBER
Classification number 631.47/GUI
Item number 5
082 ## - DEWEY DECIMAL CLASSIFICATION NUMBER
Classification number 631.47/GUI
Item number 5
245 ## - TITLE STATEMENT
Title GUIDELINES LAND EVALUATION FOR RAINFED AGRICULTURE
260 ## - PUBLICATION, DISTRIBUTION, ETC.
Name of publisher, distributor, etc. FAO
Date of publication, distribution, etc. 1985
300 ## - PHYSICAL DESCRIPTION
Extent xii/237
942 ## - ADDED ENTRY ELEMENTS (KOHA)
Source of classification or shelving scheme Dewey Decimal Classification
Koha item type Books like text book referance book
Suppress in OPAC No
Holdings
Withdrawn status Lost status Source of classification or shelving scheme Damaged status Not for loan Home library Current library Date acquired Total Checkouts Full call number Barcode Date last seen Copy number Price effective from Koha item type
    Dewey Decimal Classification     College of Agriculture Library College of Agriculture Library 10/22/2021   631.47/GUI ALIB0001968 10/22/2021 1 10/22/2021 Books like text book referance book
    Dewey Decimal Classification     College of Agriculture Library College of Agriculture Library 10/22/2021   631.47/GUI ALIB0001969 10/22/2021 2 10/22/2021 Books like text book referance book
    Dewey Decimal Classification     College of Agriculture Library College of Agriculture Library 10/22/2021   631.47/GUI ALIB0001970 10/22/2021 3 10/22/2021 Books like text book referance book
    Dewey Decimal Classification     College of Agriculture Library College of Agriculture Library 10/22/2021   631.47/GUI ALIB0001971 10/22/2021 4 10/22/2021 Books like text book referance book
    Dewey Decimal Classification     College of Agriculture Library College of Agriculture Library 10/22/2021   631.47/GUI ALIB0001972 10/22/2021 5 10/22/2021 Books like text book referance book